Capitals That Share a River - Statistics

General Stats
  • This quiz has been taken 147 times
  • The average score is 15 of 18
Answer Stats
River And the Capital % Correct
Nile Cairo
99%
Budapest
95%
Vienna
93%
Kinshasa
92%
Bratislava
89%
Congo Brazzaville
89%
Khartoum
89%
Rio de la Plata Buenos Aires
88%
Montevideo
85%
Danube Belgrade
84%
Sava Belgrade
84%
Vientiane
83%
Sava Zagreb
82%
Mekong Phnom Penh
80%
Niamey
78%
Sava Ljubljana
76%
Juba
75%
Niger Bamako
65%
No matching quizzes found
Score Distribution
Percent of People with Each Score
Percentile by Number Answered
Your Score History
You have not taken this quiz